000 00484nam a2200157Ia 4500
003 GCL
008 140319s9999 xx 000 0 ara d
040 _aGCL /
_cGCL
082 0 4 _a813.083
_bع هـ
100 1 _aعبدالحميد جودة السحار
245 1 0 _aهذه حياتى (هدية من الاديب علدالفتاح الجمل) /
_cعبدالحميد جودة السحار
300 _a429 ص
490 _a
650 0 4 _aالادب العربى
942 _2ddc
_cBK
999 _c40331
_d40331